=LDR 00000nam 2200000 4500 =001 INLIS000000000025963 =005 20251211014320 =035 ##$$a 0010-061300000025963 =008 251211###########################0#ind## =041 ##$$a Ind =082 ##$$a 813 =090 ##$$a 813, har b =100 ##$$a Harianto =245 1#$$a Burung arue dan burung talokot, /$c Harianto =260 ##$$a Jakarta :$b Pusat Bahasa Deparetemen Pendidikan Nasional,$c 2004 =300 ##$$a 61 hlm, : $b ilus ; $c 28 cm =650 #4$$a Cerita Rakyat =850 ##$$a NBPNMAT =084 ##$$a 813 HAR b =990 ##$$a 07950795 =990 ##$$a 30617854